| 000 | 00920nam a22003017a 4500 | ||
|---|---|---|---|
| 003 | CHAP | ||
| 005 | 20220329134722.0 | ||
| 008 | 971013s1978 us a r 00010 eng d | ||
| 010 | _a24744 | ||
| 011 | _a25716 | ||
| 035 | _a29816 | ||
| 040 | _cCHAP | ||
| 082 | 0 | 4 |
_a576 _bB76 1978 |
| 100 | 0 | 0 |
_aBrock, Thomas D. _915476 |
| 245 | 1 |
_aBasic microbiology _b: with applications |
|
| 250 | _a2 ed. | ||
| 260 |
_aEnglewood Cliffs, N. J. : _bPrentice-Hall, _c1978 |
||
| 300 |
_a608 p. _b: ilus. ; gráfs. |
||
| 590 |
_aBATCH-UPD _b10 _c20130110 _lUCH01 _h2027 |
||
| 590 |
_aBATCH-UPD _b10 _c20130410 _lUCH01 _h1345 |
||
| 590 |
_aBATCH-UPD _b10 _c20130914 _lUCH01 _h1817 |
||
| 590 |
_aCONVERSION _b10 _c20130109 _lUCH01 _h1314 |
||
| 650 | 1 | 4 |
_aMicrobiología. _975490 |
| 700 | 0 |
_aBrock, Kateherine M. _915475 |
|
| 901 | _aBK | ||
| 942 | _cLIBRO | ||
| 949 |
_a576 B76 1978 _bBC _cLIBRO _d33724000678546 _eLIBRO _h53545 _i29816 _si _t681.00 |
||
| 999 |
_c24744 _d24744 |
||